000 01045nam a22002651u 4500
001 12530
003 HDC
007 cr bn ---
008 210209p2004 my eng
040 _aHDC
100 _aAbd Jamil Zakaria,
_eauthor
_913172
245 0 _aWood decomposition by the 'cord-forming' fungus Resinicium bicolor: interactive effect of home base size and quality with its surrounding soil composition /
_cby Abd Jamil Zakaria and Lynne Boddy
260 _aSerdang :
_bMalaysian Agricultural Research and Development Institute (MARDI),
_c2004
300 _a1 page
336 _atext
_2rdacontent
337 _acomputer
_2rdamedia
338 _aonline resource
_2rdacarrier
650 _aResinicium bicolor
_913174
650 _aSoil carbon
_913175
650 _aWood decomposition
_913173
856 _zRequest full-text at [email protected]
942 _2lcc
942 _cAR
942 _kJART 003121
999 _c9853
_d9853